Online
Catalog

Diplomacia contemporánea : (Record no. 46066)

MARC details
000 -CABECERA
campo de control de longitud fija 02385nam a2200337 i 4500
001 - NÚMERO DE CONTROL
campo de control 000046577
003 - IDENTIFICADOR DEL NÚMERO DE CONTROL
campo de control DO-SdBNP
005 - FECHA Y HORA DE LA ÚLTIMA TRANSACCIÓN
campo de control 20260417174403.0
007 - CAMPO FIJO DE DESCRIPCIÓN FÍSICA--INFORMACIÓN GENERAL
campo de control de longitud fija ta
008 - DATOS DE LONGITUD FIJA--INFORMACIÓN GENERAL
campo de control de longitud fija 150827s1996 dr a r 000 0 spa d
020 ## - NÚMERO INTERNACIONAL ESTÁNDAR DEL LIBRO
Número Internacional Estándar del Libro 8460554910
040 ## - FUENTE DE LA CATALOGACIÓN
Centro catalogador/agencia de origen DO-SdBNP
Lengua de catalogación spa
Centro/agencia transcriptor BNPHU
Normas de descripción rda
041 ## - CÓDIGO DE LENGUA
Código de lengua del texto/banda sonora o título independiente spa
082 ## - NÚMERO DE LA CLASIFICACIÓN DECIMAL DEWEY
Número de clasificación 327.7293
Número de documento/Ítem M828d
Número de edición 22
100 1# - ENTRADA PRINCIPAL--NOMBRE DE PERSONA
Nombre de persona Morales Lama, Manuel
Término indicativo de función/relación autor
9 (RLIN) 2998
245 10 - MENCIÓN DE TÍTULO
Título Diplomacia contemporánea :
Resto del título teoría y práctica /
Mención de responsabilidad, etc. Manuel Morales Lama : prólogo Benjamín Ruiz Sobero.
264 ## - PRODUCCIÓN, PUBLICACIÓN, DISTRIBUCIÓN, FABRICACIÓN Y COPYRIGHT
Producción, publicación, distribución, fabricación y copyright Santo Domingo :
Nombre del de productor, editor, distribuidor, fabricante Fundación Antonio M. Lama,
Fecha de producción, publicación, distribución, fabricación o copyright 1996.
300 ## - DESCRIPCIÓN FÍSICA
Extensión 509 páginas :
Otras características físicas il.ustraciones ;
Dimensiones 23 cm.
336 ## - TIPO DE CONTENIDO
Término de tipo de contenido rdacontent
Código de tipo de contenido texto
Fuente txt
337 ## - TIPO DE MEDIO
Nombre/término del tipo de medio rdamedia
Código del tipo de medio sin mediación
Fuente n
338 ## - TIPO DE SOPORTE
Nombre/término del tipo de soporte rdacarrier
Código del tipo de soporte volumen
Fuente nc
505 ## - NOTA DE CONTENIDO CON FORMATO
Nota de contenido con formato Conceptos básicos 7 -- Orígenes y evolución de la diplomacia 33 -- Ejecutores centrales de la política exterior de los Estados 45 -- El servicio exterior 61 -- La misión diplomática permanente 95 -- La función diplomática 101 -- La concertación de tratados 157 -- Estilística diplomática 177 -- Ceremonial y protocolo 195 -- Status del diplomático dominicano 241 -- Glosario de locuciones y término latinos y franceses 263 -- Normas protocolares y de etiqueta social 285 -- Delación de las condecoraciones en los diversos países del mundo 311 -- Aspecto prácticos de la correspondencia diplomática 327 -- Planos sobre el uso de la bandera 357 -- Planos de aplicación de la precedencia 363 -- Relación de las disposiciones legales básicas para el ejercicio consular dominicano 385 -- Convención de Viena sobre relaciones diplomáticas 393 -- Convención de Viena sobre relaciones consulares 413 -- Carta de derechos y deberes económicos de los Estados 451 -- Ley Orgánica de la Secretaría de Estado de Relaciones Exteriores 465 -- Ley no. 113 que modifica el artículo 3 de la Ley Orgánica de la Secretaría de Estado de Relaciones Exteriores 479 -- Ley sobre funciones públicas de los cónsules dominicanos 481
590 ## - NOTA LOCAL (RLIN)
Nota local Inventariado, 2019/MFF
650 #0 - PUNTO DE ACCESO ADICIONAL DE MATERIA--TÉRMINO DE MATERIA
Término de materia o nombre geográfico como elemento de entrada Diplomacia
9 (RLIN) 398
650 #0 - PUNTO DE ACCESO ADICIONAL DE MATERIA--TÉRMINO DE MATERIA
Término de materia o nombre geográfico como elemento de entrada Documentos diplomáticos
9 (RLIN) 2999
651 #4 - PUNTO DE ACCESO ADICIONAL DE MATERIA--NOMBRE GEOGRÁFICO
Nombre geográfico República Dominicana
Subdivisión general Servicio Diplomatico Y Consular
9 (RLIN) 3000
651 #4 - PUNTO DE ACCESO ADICIONAL DE MATERIA--NOMBRE GEOGRÁFICO
Nombre geográfico República Dominicana
Subdivisión general Relaciones Exteriores
9 (RLIN) 2258
700 12 - PUNTO DE ACCESO ADICIONAL--NOMBRE DE PERSONA
Nombre de persona Ruiz Sobero, Benjamín
Término indicativo de función/relación prologo
9 (RLIN) 17212
910 ## - DATOS DE OPCIÓN DEL USUARIO (OCLC)
Datos de opción del usuario Validado. Control de calidad MFF
942 ## - ELEMENTOS DE PUNTO DE ACCESO ADICIONAL (KOHA)
Fuente del sistema de clasificación o colocación Dewey Decimal Classification
Tipo de ítem Koha Libro
Holdings
Estado de retiro Estado de pérdida Fuente del sistema de clasificación o colocación Restricciones de uso No para préstamo Código de colección Localización permanente Ubicación/localización actual Ubicación en estantería Fecha de adquisición Total de préstamos Signatura topográfica completa Código de barras Fecha visto por última vez Precio válido a partir de Tipo de ítem Koha Nota pública Fuente de adquisición Número de copia
    Dewey Decimal Classification Excluido de préstamo   Patrimonio Dominicano Biblioteca Nacional Pedro Henríquez Ureña Biblioteca Nacional Pedro Henríquez Ureña Depósito 27.08.2015   BNPHU PD 327.7293 M828d 46577-10 25.06.2020 25.06.2020 Libro Perteneció a la biblioteca personal de Chiqui Vicioso / Fidelio Despradel.    
    Dewey Decimal Classification Excluido de préstamo   Patrimonio Dominicano Biblioteca Nacional Pedro Henríquez Ureña Biblioteca Nacional Pedro Henríquez Ureña Depósito 16.03.2026   BNPHU PD 327.7293 M828d 2026-2205 16.03.2026 16.03.2026 Libro Intec Donación e.2

Powered by Koha